|
|
|
|
| LEADER |
00000nam a2200000 a 4500 |
| 005 |
20110427130854.0 |
| 007 |
cr ||||||||||| |
| 008 |
101220s2007 sp |||||s|||||0|| ||spa|c |
| 020 |
|
|
|a 9788480047678
|
| 035 |
|
|
|a 5236
|
| 040 |
|
|
|a CCUC
|d vLex
|
| 090 |
|
|
|c 2073
|d 2073
|
| 100 |
1 |
|
|a Bajo Fernǹdez, Miguel
|
| 245 |
1 |
0 |
|a Polt̕ica fiscal y delitos contra la hacienda pb︢lica
|h [Recurso electrn̤ico]
|c Miguel Bajo Fernǹdez
|
| 256 |
|
|
|a Servicio en ln̕ea
|
| 260 |
|
|
|a [Madrid] :
|b Editorial Universitaria Ramn̤ Areces,
|c 2007
|
| 300 |
|
|
|a 1 recurso electrn̤ico (355 p.)
|
| 500 |
|
|
|a Descripcin̤ del recurso: el 27 de abril de 2011
|
| 506 |
1 |
|
|a Contenido solo disponible en los productos indicados
|d vLex Global
|d vLex Global (Academic Edition, excluding Law Schools)
|d vLex Global (U.S. Academic Edition, Law Schools)
|d vLex Global (U.S. Academic Edition, excluding Law Schools)
|d vLex Global (Academic Edition, Law Schools)
|
| 650 |
|
4 |
|a Derecho fiscal
|2 Tesauro vLex
|
| 650 |
|
4 |
|a Polt̕ica fiscal
|2 Tesauro vLex
|
| 650 |
|
4 |
|a Delitos contra la Hacienda Pb︢lica
|2 Tesauro vLex
|
| 710 |
2 |
|
|a Centro de Estudios Ramn̤ Areces
|
| 740 |
|
0 |
|a vLex Libros (Servicios en ln̕ea)
|
| 856 |
|
|
|z Acceso restringido
|u http://vlex.com/source/politica-fiscal-delitos-contra-hacienda-publica-5236
|
| 942 |
|
|
|c BOOK
|